01392 a2200265 4500003000500000005001700005010001600022020003300038040000900071082001700080100003300097245006500130250001200195260003100207300003300238440006600271505041100337650003400748700002700782856008800809856007400897942001200971999001900983952012401002Nust20221223182620.0 a 94028420 a0471542873 (acid-free paper) cNust00a621.3827,GAG1 aGagliardi, Robert M.,96375510aOptical communications /cRobert M. Gagliardi, Sherman Karp. a2nd ed. aNew York :bWiley,cc1995. axv, 347 p. :bill. ;c25 cm. 0aWiley series in telecommunications and signal processing9728 aThe Optical Communication System (Page-1), Optical Field Reception (Page-39), Photodetection (Page-75), Noncoherent (Direct) Detection (Page-119), Coherent (Heterodyne) Detection (Page-151), Optical Digital Communications (Page-17), Fiberoptic Communications (Page-233), Fiber Networks (Page-259) The Atmospheric Optical Channel (Page-285), Pointing, Acquisition, and Tracking in Space Optics (Page-305).  0aTelecommunication engineering1 aKarp, Sherman.9105779423Publisher descriptionuhttp://www.loc.gov/catdir/description/wiley033/94028420.html423Table of Contentsuhttp://www.loc.gov/catdir/toc/onix03/94028420.html 2ddccBK c182929d182929 00102ddc4070aMCSbMCScGENd2016-12-12o621.3827,GAGpMCS969r2016-12-08w2016-12-12yBKzAlmirah No.37, Shelf No.6